00801cam a22002291 4500001001300000003000400013005001700017008004100034010001700075035001900092040001800111050001500129100002800144245019300172260004000365300002300405500003800428650002600466650002700492651003500519999001700554d 01000072 DLC20260227111148.0791112m1834 ne 000 0 dut  ad 01000072  a(OCoLC)5685624 aDLCcNICdDLC00aDH156b.B61 aBolhuis, Joan Hugo van.13aDe Noormannen in Nederland.bGeschiedenis hunner invallen gedurende de negende, tiende en elfde eeuwen, met opgave van derzelver gevolgen, uit echte bronnen geput,cdoor J. H. van Bolhuis. aUtrecht,bVan Paddenburg,c1834-35. a2 v. in 1.c24 cm. a2. stuk: Bijlagen en bijvoegsels. 0aVikingszNetherlands. 0aNorthmenzNetherlands. 0aNetherlandsxHistoryyTo 1384. c18589d18589